|
|
|
|
| LEADER |
00000nam a22000007a 4500 |
| 005 |
20130328173235.0 |
| 007 |
cr|||| |||| |
| 008 |
130328e2012 ck |||||s|||| 00||0 spa d |
| 020 |
|
|
|a 978-958-8745-43-5
|
| 035 |
|
|
|a 10928
|
| 040 |
|
|
|a vLex
|
| 090 |
|
|
|c 4079
|d 4079
|
| 100 |
1 |
0 |
|a Restrepo Pimienta, Jorge Luis
|
| 245 |
1 |
0 |
|a Dimensin̤ jurd̕ico antropolg̤ica de la polt̕ica pb︢lica en salud
|c / Jorge Luis Restrepo Pimienta
|h [Recurso electrn̤ico]
|
| 256 |
|
|
|a Servicio en ln̕ea
|
| 260 |
|
|
|a Bogot ̀:
|b Universidad Sergio Arboleda,
|c 2012
|
| 300 |
|
|
|a 1 Recurso electrn̤ico
|
| 506 |
|
|
|a Contenido solo disponible en los productos indicados
|d vLex Global
|d vLex Global (Academic Edition, excluding Law Schools)
|d vLex Global (U.S. Academic Edition, Law Schools)
|d vLex Global (U.S. Academic Edition, excluding Law Schools)
|d vLex Global (Academic Edition, Law Schools)
|
| 650 |
0 |
4 |
|a Sanidad
|z Colombia
|
| 650 |
0 |
4 |
|a Salud pb︢lica
|z Colombia
|
| 650 |
0 |
4 |
|a Medicina
|z Colombia
|
| 650 |
0 |
4 |
|a Antropologa̕
|
| 740 |
|
|
|a vLex Libros (Servicio en ln̕ea)
|
| 856 |
|
|
|a Acceso restringido
|u http://www.vlex.com/source/10928
|
| 942 |
|
|
|c BOOK
|
| 999 |
|
0 |
|a Public health
|